LEADER 00715nas 2200229 450 001 000006542 005 20200117125011.0 100 $a20060220a2006----km-y0itay50------ba 101 0 $aeng 102 $aNL 200 1 $aBulletin for international taxation$fInternational Fiscal Association International Bureau for Fiscal Documentation 210 $aAmsterdam$cIBDF$d2006- 215 $afascicoli 326 $aMensile 430 0$1001000000335 610 1 $aTributi 712 02$aAssociation International Bureau for Fiscal Documentation 801 0$aIT$bUNIPARTHENOPE$gRICA$2UNIMARC 912 $a000006542 958 $a2006-2011$cNAVA1 996 $aBulletin for international taxation$9798411 997 $aUNIPARTHENOPE